Normal view
MARC view
- Muhammad Fahad Khan
Entry Personal Name
001 - CONTROL NUMBER
- control field: 15155
003 - CONTROL NUMBER IDENTIFIER
- control field: NUST
005 - DATE AND TIME OF LATEST TRANSACTION
- control field: 20190620063826.0
008 - FIXED-LENGTH DATA ELEMENTS
- fixed length control field: 190620|| aca||aabn | a|a d
040 ## - CATALOGING SOURCE
- Original cataloging agency: NUST
- Transcribing agency: NUST
100 ## - HEADING--PERSONAL NAME
- Personal name: Muhammad Fahad Khan
670 ## - SOURCE DATA FOUND
- Source citation: Work cat.: (NUST): Muhammad Fahad Khan, Development of Information Technology Framework for the feature based Machining of Milling Parts using STEP-NC Compliant Standard ISO 14649, 2018
